000 00649nam a2200205Ia 4500
003 OSt
005 20250214112110.0
008 210210b1994 xxu||||| |||| 00| 0 eng d
040 _cAL
041 _aKannada
082 _aK894.109 ASHK
100 _aASHOKA (T P) Ed
_9194330
_d ಅಶೋಕ (ಟಿ ಪಿ )
245 _aKambarara Kavya: Kelavu Adhyayanagalu
_bಕಂಬಾರರ ಕಾವ್ಯ: ಕೆಲವು ಅಧ್ಯಯನಗಳು
260 _aPutturu
_bKannada Sangha
_c1994
300 _axii,164
650 _aChandrashekhara Kambara
_9194331
690 _aKannada Poetry Criticism
_9194332
906 _a048217
942 _2ddc
_cBK
999 _c97217
_d97217